Biblioteca y Centro de Documentación

Vista normal Vista MARC

Entrada Nombre de reunión

Número de registros utilizados en: 1

001 - NÚMERO DE CONTROL

  • Campo de control: 528

003 - IDENTIFICADOR DE NÚMERO DE CONTROL

  • Campo de control: ES-MaCES

005 - FECHA Y HORA DE LA ULTIMA MODIFICACION

  • Campo de control: 19991124135200.0

008 - ELEMENTOS DE DATOS DE LONGITUD FIJA

  • Campo de longitud fija: 991124 | azznnaabn |n ana d

035 ## - NÚMERO DE CONTROL DEL SISTEMA

  • Número de control del sistema: CES19990001337c

040 ## - FUENTE DE LA CATALOGACIÓN

  • Agencia original de catalogación: ES-MaCES
  • Idioma de catalogación: spa
  • Agencia de transcripción: ES-MaCES

111 2# - ENCABEZAMIENTO--NOMBRE DE REUNIÓN

  • Nombre de reunión o jurisdicción como elemento de entrada: Seminario de la Comisión Europea sobre la salud y la seguridad en el trabajo en Europa
  • Fecha de reunión: 1998
  • Lugar de la reunión: Luxemburgo

901 ## - CES. DATOS SIRTEX

  • ID Sirtex (N5N8): 0002400000576
  • 005BIS Sirtex: 199911241352SSANCHEZ
© CES, Consejo Económico y Social de España 2021